000 00569nam a22001937a 4500
003 NUST
005 20250217120605.0
008 170928b xxu||||| |||| 00| 0 eng d
040 _cNUST
082 _a200
100 _aNaseer,Saira
_95109
245 _aDeterminants of income inequality among the earners in Pakistan/
_cSaira Naseer
260 _aIslamabad
_c2015
300 _a47p
690 _xMS- Economics
_9123068
700 _aSupervisor: Dr Ather Maqsood Ahmed
_9124809
856 _uhttp://10.250.8.41:8080/xmlui/handle/123456789/3512
942 _2ddc
_cSC
999 _c331474
_d331474